000 00406nam a2200145 a 4500
001 000043885
005 20201002045027.0
008 140508s1988 dr 000 0 spa d
020 _a8420480533
040 _aDO-SdBNP
_bspa
_cBNPHU
100 1 _aSatué, Francisco J.
_970978
245 1 0 _aDesolación del héroe /
_cFrancisco J. Satué.
260 _aMadrid :
_bAfaguara,
_c1988.
300 _a132 p. ;
_c22 cm.
999 _c43374
_d43374